[Event "79.Santo Camp. Veneto Quarti di Finale"]
[Site "Padova ITA"]
[Date "2020.02.22"]
[Round "2.7"]
[White "Rosato, Luciano"]
[Black "Palozza, Christian"]
[Result "0-1"]
[WhiteElo "2049"]
[BlackElo "2201"]
[Annotator "Gabriele Ballarin"]
[PlyCount "70"]
[EventDate "2020.02.21"]
[EventType "swiss"]
[EventRounds "3"]
[EventCountry "ITA"]

1. d4 e6 2. Bf4 Nf6 3. e3 c5 4. c3 b6 5. Nd2 Be7 6. Ngf3 O-O 7. h3 cxd4 8. exd4 d6 9. Bd3 Ba6 10. Bxa6 Nxa6 11. O-O Qc8 12. Qe2 Qb7 13. Rac1 Rac8 14. Rfe1 Rfd8 15. Bg5 Nc7 16. Ne4 Nce8 17. Bxf6 Nxf6 18. Nxf6+ Bxf6 19. Rcd1 Qd5 20. Qa6 Rc7 21. Rc1 b5 22. b3 Qc6 23. Qa3 d5 24. Qb2 Qb6 25. Qd2 Rdc8 26. Red1 Qa5 27. Rc2 Rxc3 28. b4 Rxc2 29. bxa5 Rxd2 30. Rxd2 Rc1+ 31. Kh2 a6 32. Ne5 Bxe5+ 33. dxe5 Rc4 34. g3 Kf8 35. Kg2 Ke7 0-1

[Event "79.Santo Camp. Veneto Quarti di Finale"]
[Site "Padova ITA"]
[Date "2020.02.22"]
[Round "2.8"]
[White "Pasini, Nicolò"]
[Black "Sala, Giulia"]
[Result "1-0"]
[WhiteElo "2197"]
[BlackElo "2021"]
[Annotator "Gabriele Ballarin"]
[PlyCount "65"]
[EventDate "2020.02.21"]
[EventType "swiss"]
[EventRounds "3"]
[EventCountry "ITA"]

1. e4 e5 2. Nf3 Nc6 3. d4 exd4 4. Nxd4 Bc5 5. Nb3 Bb6 6. Nc3 Qf6 7. Qe2 Nge7 8. Be3 d6 9. O-O-O O-O 10. h4 Ne5 11. f3 Re8 12. Bg5 Qg6 13. g4 f6 14. Bd2 Nxf3 15. Qxf3 Bxg4 16. Bc4+ Kh8 17. h5 Bxf3 18. hxg6 Bxh1 19. Rxh1 h6 20. Bf7 Red8 21. Nd5 Ng8 22. Rh3 c6 23. Nf4 a5 24. Bc3 Rd7 25. Nd2 a4 26. Nc4 Ba7 27. Ne6 b5 28. e5 dxe5 29. Nxe5 Rd5 30. Nxc6 Rd6 31. Bxg8 Rxc6 32. Bf7 b4 33. Rxh6+ 1-0

[Event "79.Santo Camp. Veneto Quarti di Finale"]
[Site "Padova ITA"]
[Date "2020.02.22"]
[Round "2.9"]
[White "Simonetto, Alessio"]
[Black "Moretti, Filippo"]
[Result "1/2-1/2"]
[WhiteElo "2151"]
[BlackElo "1969"]
[Annotator "Gabriele Ballarin"]
[PlyCount "103"]
[EventDate "2020.02.21"]
[EventType "swiss"]
[EventRounds "3"]
[EventCountry "ITA"]

1. b3 d6 2. Bb2 Nc6 3. e3 e5 4. Nf3 f5 5. c4 Nf6 6. d4 e4 7. Nfd2 g6 8. Nc3 Bg7 9. a3 O-O 10. g3 a6 11. Qc2 Bd7 12. Be2 Rb8 13. O-O-O Na7 14. h4 h5 15. f3 exf3 16. Bxf3 b5 17. Rhe1 c6 18. e4 fxe4 19. Ncxe4 Bf5 20. Nxf6+ Qxf6 21. Be4 d5 22. Bxf5 Qxf5 23. Qxf5 Rxf5 24. Re7 Rf7 25. Rxf7 Kxf7 26. Rf1+ Kg8 27. Re1 bxc4 28. bxc4 Bh6 29. Bc3 dxc4 30. Kc2 Bxd2 31. Kxd2 Nb5 32. Re6 Kf7 33. Rxc6 Nxc3 34. Kxc3 Rb3+ 35. Kxc4 Rxa3 36. d5 Rxg3 37. Rxa6 Rg4+ 38. Kc5 Rxh4 39. d6 Ke6 40. d7+ Kxd7 41. Rxg6 Rh1 42. Kd5 Ke7 43. Ke5 Kf7 44. Rg2 h4 45. Kf4 Kf6 46. Kg4 Ke5 47. Re2+ Kd4 48. Rf2 h3 49. Kg3 Ke3 50. Rh2 Rxh2 51. Kxh2 Kf3 52. Kxh3 1/2-1/2

[Event "79.Santo Camp. Veneto Quarti di Finale"]
[Site "Padova ITA"]
[Date "2020.02.22"]
[Round "2.10"]
[White "Bordignon, Angelo"]
[Black "Bergamasco, Tommaso"]
[Result "1/2-1/2"]
[WhiteElo "1990"]
[BlackElo "2150"]
[Annotator "Gabriele Ballarin"]
[PlyCount "105"]
[EventDate "2020.02.21"]
[EventType "swiss"]
[EventRounds "3"]
[EventCountry "ITA"]

1. e4 d6 2. d4 Nf6 3. f3 g6 4. c4 Bg7 5. Nc3 Nc6 6. Nge2 a6 7. Bg5 h6 8. Be3 Rb8 9. Rc1 Bd7 10. Qd2 b5 11. b3 bxc4 12. bxc4 e5 13. d5 Na5 14. Ng3 Nb7 15. Bd3 Nc5 16. O-O O-O 17. Bc2 Kh7 18. Rb1 Qe7 19. Rfd1 Rb6 20. Bxc5 dxc5 21. Rxb6 cxb6 22. Rb1 Rb8 23. Ba4 Ne8 24. Bxd7 Qxd7 25. a4 Nd6 26. Qd3 h5 27. Nh1 Bh6 28. g3 Qd8 29. Nf2 Qg5 30. Ncd1 h4 31. Kg2 hxg3 32. hxg3 f6 33. Ng4 Kg7 34. Ndf2 Qd2 35. Nxh6 Qxd3 36. Nxd3 Kxh6 37. Nxc5 Nxc4 38. Nd7 Rc8 39. Nxf6 Nd2 40. Rb2 Nc4 41. Ng4+ Kg5 42. Rb1 Nd2 43. Rb2 Nc4 44. Re2 b5 45. axb5 axb5 46. Nxe5 Nxe5 47. f4+ Kf6 48. fxe5+ Kxe5 49. Kf3 b4 50. Re3 Rc4 51. Ke2 Rd4 52. Kf3 Rc4 53. Ke2 1/2-1/2

[Event "79.Santo Camp. Veneto Quarti di Finale"]
[Site "Padova ITA"]
[Date "2020.02.22"]
[Round "2.11"]
[White "Belli, Giorgio"]
[Black "Pannella, Leopoldo"]
[Result "1-0"]
[WhiteElo "2142"]
[BlackElo "1951"]
[Annotator "Gabriele Ballarin"]
[PlyCount "45"]
[EventDate "2020.02.21"]
[EventType "swiss"]
[EventRounds "3"]
[EventCountry "ITA"]

1. e4 c5 2. Nf3 d6 3. d4 cxd4 4. Nxd4 Nf6 5. Nc3 g6 6. Be3 Bg7 7. f3 O-O 8. Bc4 Nc6 9. Qd2 Bd7 10. O-O-O Rc8 11. Bb3 Ne5 12. h4 h5 13. g4 hxg4 14. h5 Nxh5 15. Rdg1 Rxc3 16. bxc3 Qa5 17. f4 Nc6 18. f5 Kh7 19. Rxg4 Qa3+ 20. Kb1 Na5 21. Rxh5+ gxh5 22. Rxg7+ Kxg7 23. Bh6+ 1-0

[Event "79.Santo Camp. Veneto Quarti di Finale"]
[Site "Padova ITA"]
[Date "2020.02.22"]
[Round "2.12"]
[White "Giordani, Luca"]
[Black "Zenari, Marco"]
[Result "0-1"]
[WhiteElo "1977"]
[BlackElo "2137"]
[Annotator "Gabriele Ballarin"]
[PlyCount "54"]
[EventDate "2020.02.21"]
[EventType "swiss"]
[EventRounds "3"]
[EventCountry "ITA"]

1. e4 c5 2. Nc3 Nc6 3. d3 g6 4. g3 Bg7 5. Bg2 e6 6. Be3 d6 7. Nge2 Nd4 8. O-O Ne7 9. Qd2 O-O 10. f4 Rb8 11. Nc1 b5 12. Nd1 b4 13. c3 bxc3 14. bxc3 Qa5 15. e5 Ndf5 16. exd6 Nd5 17. Bf2 Nxc3 18. Be1 Qa3 19. Nxc3 Rb2 20. Nb1 Qa6 21. Qa5 Bd4+ 22. Kh1 Bb7 23. Bf3 Qc6 24. Nd2 Rxd2 25. Qxd2 Qxf3+ 26. Rxf3 Bxf3+ 27. Qg2 Bxg2+ 0-1

[Event "79.Santo Camp. Veneto Quarti di Finale"]
[Site "Padova ITA"]
[Date "2020.02.22"]
[Round "2.13"]
[White "Frescura, Davide"]
[Black "Kacani, Kirk"]
[Result "1/2-1/2"]
[WhiteElo "1853"]
[BlackElo "2110"]
[Annotator "Gabriele Ballarin"]
[PlyCount "51"]
[EventDate "2020.02.21"]
[EventType "swiss"]
[EventRounds "3"]
[EventCountry "ITA"]

1. e4 e6 2. d4 d5 3. Nd2 Nf6 4. e5 Nfd7 5. Bd3 c5 6. c3 Nc6 7. Ne2 cxd4 8. cxd4 f6 9. exf6 Nxf6 10. Nf3 Bd6 11. O-O O-O 12. Bf4 Bxf4 13. Nxf4 Qd6 14. Ne2 e5 15. dxe5 Nxe5 16. Nxe5 Qxe5 17. Qd2 Bg4 18. Ng3 Qd6 19. Ne4 Qb6 20. Nxf6+ Rxf6 21. Rae1 Qd6 22. Qg5 Bd7 23. Re2 Re8 24. Rxe8+ Bxe8 25. Re1 Bc6 26. Qg4 1/2-1/2

[Event "79.Santo Camp. Veneto Quarti di Finale"]
[Site "Padova ITA"]
[Date "2020.02.22"]
[Round "2.14"]
[White "Orfini, Nicolò "]
[Black "Gatti, Daniele Guglielmo"]
[Result "1-0"]
[WhiteElo "2250"]
[BlackElo "1710"]
[Annotator "Gabriele Ballarin"]
[PlyCount "137"]
[EventDate "2020.02.21"]
[EventType "swiss"]
[EventRounds "3"]
[EventCountry "ITA"]

1. Nf3 Nf6 2. g3 g6 3. Bg2 Bg7 4. O-O O-O 5. d3 d5 6. Nbd2 c5 7. c3 Nc6 8. e4 dxe4 9. dxe4 Qc7 10. Qe2 e6 11. a4 Rd8 12. Nc4 Nd7 13. Rd1 Nb6 14. Rxd8+ Qxd8 15. Bg5 Qc7 16. Ncd2 Nd7 17. Nf1 b6 18. Ne3 h6 19. Bf4 Qd8 20. Bd6 Bf8 21. Bxf8 Nxf8 22. Rd1 Qc7 23. Ng4 Kg7 24. Qe3 g5 25. Nxg5 h5 26. Nh6 Ne5 27. f4 Nc4 28. Qe2 Kxh6 29. Qxc4 Nh7 30. e5 Bb7 31. Nxe6 Qe7 32. Bxb7 Qxb7 33. Nd8 Qf3 34. Rd6+ f6 35. Qd3 Qxd3 36. Rxd3 fxe5 37. Nf7+ Kg6 38. Nxe5+ Kf5 39. Kf2 h4 40. Nc4 Nf6 41. Kf3 hxg3 42. hxg3 Rg8 43. Ne3+ Ke6 44. g4 c4 45. f5+ Kf7 46. Rd4 Rh8 47. Nxc4 Rh1 48. g5 Nh5 49. Ne5+ Ke7 50. Rd7+ Ke8 51. f6 Nxf6 52. gxf6 Rf1+ 53. Kg4 Rxf6 54. Rxa7 Re6 55. Kf5 Rh6 56. b4 Rh5+ 57. Ke4 Rh1 58. Rb7 Rc1 59. Kd4 Kd8 60. Rxb6 Kc7 61. a5 Ra1 62. Kc5 Rc1 63. c4 Re1 64. Nd3 Rd1 65. Nf4 Re1 66. Nd5+ Kc8 67. a6 Kd7 68. a7 Rc1 69. Rd6+ 1-0

[Event "79.Santo Camp. Veneto Quarti di Finale"]
[Site "Padova ITA"]
[Date "2020.02.22"]
[Round "2.15"]
[White "Pecci, William"]
[Black "Bettalli, Francesco"]
[Result "0-1"]
[WhiteElo "1917"]
[BlackElo "2272"]
[Annotator "Gabriele Ballarin"]
[PlyCount "61"]
[EventDate "2020.02.21"]
[EventType "swiss"]
[EventRounds "3"]
[EventCountry "ITA"]

1. e4 c5 2. Nf3 Nc6 3. Bb5 g6 4. Bxc6 dxc6 5. h3 Bg7 6. d3 Nf6 7. Nc3 O-O 8. Be3 b6 9. Qd2 Re8 10. O-O-O e5 11. Nh2 Qd6 12. Rdf1 Nh5 13. Bh6 Nf4 14. Bxg7 Kxg7 15. g3 Nh5 16. Ng4 Kh8 17. f4 exf4 18. e5 Qd8 19. Ne4 f5 20. exf6 Bf5 21. Ng5 Qd5 22. c4 Qxd3 23. Qxd3 Bxd3 24. Rd1 Bf5 25. Nf7+ Kg8 26. Ngh6+ Kf8 27. g4 Be6 28. gxh5 Bf5 29. Nd6 Re2 30. Ndxf5 gxf5 31. Rhg1 0-1

[Event "79.Santo Camp. Veneto Quarti di Finale"]
[Site "Padova ITA"]
[Date "2020.02.22"]
[Round "2.16"]
[White "Bertola, Stefano"]
[Black "Dappiano, Andrea"]
[Result "0-1"]
[WhiteElo "1612"]
[BlackElo "2243"]
[Annotator "Gabriele Ballarin"]
[PlyCount "108"]
[EventDate "2020.02.21"]
[EventType "swiss"]
[EventRounds "3"]
[EventCountry "ITA"]

1. e4 e6 2. d4 d5 3. Nc3 Nf6 4. e5 Nfd7 5. f4 c5 6. Nf3 Nc6 7. Be3 a6 8. Qd2 b5 9. dxc5 Bxc5 10. g3 Bb7 11. Nd4 b4 12. Nce2 Qb6 13. Bh3 a5 14. Rf1 Ba6 15. Rd1 Nxd4 16. Bxd4 O-O 17. Rf3 Bxe2 18. Kxe2 Rfc8 19. c3 bxc3 20. Bxc3 Rd8 21. Bd4 Rac8 22. Rb3 Qa7 23. Ke1 Rb8 24. Rxb8 Rxb8 25. Bxc5 Qxc5 26. Rc1 Qg1+ 27. Bf1 Rb4 28. Qc3 Re4+ 29. Kd2 Qf2+ 30. Kd1 Qxf1+ 31. Kc2 Qxc1+ 32. Kxc1 Rc4 33. Qxc4 dxc4 34. Kc2 f6 35. exf6 gxf6 36. Kc3 Nb6 37. Kd4 Kf7 38. Kc5 Na4+ 39. Kxc4 Nxb2+ 40. Kb5 e5 41. Kxa5 e4 42. Kb4 Ke6 43. Kc3 Na4+ 44. Kd4 Kf5 45. a3 Nb6 46. h3 h5 47. Kc3 h4 48. gxh4 Kxf4 49. h5 Kg5 50. Kd4 f5 51. h6 Kxh6 52. Ke3 Kg5 53. Kd4 Kh4 54. Ke3 Nc4+ 0-1

[Event "79.Santo Camp. Veneto Quarti di Finale"]
[Site "Padova ITA"]
[Date "2020.02.22"]
[Round "2.17"]
[White "Negro, Roberto"]
[Black "Pasin, Mattia"]
[Result "1/2-1/2"]
[WhiteElo "2124"]
[BlackElo "1921"]
[Annotator "Gabriele Ballarin"]
[PlyCount "45"]
[EventDate "2020.02.21"]
[EventType "swiss"]
[EventRounds "3"]
[EventCountry "ITA"]

1. g3 d5 2. Bg2 Nf6 3. d3 c6 4. Nd2 e5 5. Ngf3 Bd6 6. O-O O-O 7. e4 Be6 8. h3 dxe4 9. dxe4 Qc8 10. Ng5 Rd8 11. Nxe6 Qxe6 12. Qe2 b5 13. a4 a6 14. Kh2 Nbd7 15. h4 Ng4+ 16. Kh1 Bc5 17. Nb3 Bb6 18. f3 Ngf6 19. Kh2 Nc5 20. Nxc5 Bxc5 21. Bh3 Qd6 22. Bg5 h6 23. Rfd1 1/2-1/2

[Event "79.Santo Camp. Veneto Quarti di Finale"]
[Site "Padova ITA"]
[Date "2020.02.22"]
[Round "2.18"]
[White "Fregonese, Giulio"]
[Black "Marson, Luca"]
[Result "1/2-1/2"]
[WhiteElo "2073"]
[BlackElo "1817"]
[Annotator "Gabriele Ballarin"]
[PlyCount "139"]
[EventDate "2020.02.21"]
[EventType "swiss"]
[EventRounds "3"]
[EventCountry "ITA"]

1. e4 c5 2. Nc3 Nc6 3. Bb5 g6 4. Bxc6 dxc6 5. d3 Bg7 6. Nf3 Nf6 7. h3 O-O 8. O-O b6 9. Bf4 Ne8 10. Qd2 Nc7 11. Bh6 Ne6 12. Bxg7 Kxg7 13. Ne2 Bb7 14. Nh2 Nd4 15. Ng3 e5 16. f4 Qh4 17. c3 Ne6 18. Ne2 exf4 19. Nxf4 Nxf4 20. Rxf4 Qe7 21. Raf1 Bc8 22. R1f2 f6 23. g4 Be6 24. a3 Rad8 25. Qe3 Bc8 26. Nf1 Ba6 27. Rd2 Rd6 28. Ng3 Rfd8 29. d4 cxd4 30. cxd4 c5 31. e5 fxe5 32. Re4 cxd4 33. Rxe5 dxe3 34. Rxe7+ Kf8 35. Rxd6 Kxe7 36. Rxd8 Kxd8 37. Kg2 Bb7+ 38. Kf1 Bf3 39. Ke1 Ke7 40. Nf1 Kf6 41. Nxe3 Kg5 42. Kf2 Kf4 43. b4 b5 44. Nf1 Bb7 45. Ne3 Ke4 46. Ke2 Kd4 47. Kd2 Be4 48. Nd1 Kc4 49. Nf2 Bg2 50. Kc2 g5 51. Nd1 Kd4 52. Kd2 a6 53. Ne3 Be4 54. Nd1 Kc4 55. Ke3 Bg6 56. Kd2 Kb3 57. Ne3 Be4 58. Nf5 Kxa3 59. Kc3 Ka4 60. Nd6 Bg2 61. Nf7 h6 62. Nxh6 Bxh3 63. Nf7 Bxg4 64. Nxg5 a5 65. bxa5 Kxa5 66. Ne4 Bf3 67. Nd2 Bg2 68. Nb3+ Ka4 69. Kb2 Kb4 70. Nd4 1/2-1/2

[Event "79.Santo Camp. Veneto Quarti di Finale"]
[Site "Padova ITA"]
[Date "2020.02.22"]
[Round "2.19"]
[White "Carletti, Angelo"]
[Black "Ridolfo, Enrico"]
[Result "0-1"]
[WhiteElo "1933"]
[BlackElo "1977"]
[Annotator "Gabriele Ballarin"]
[PlyCount "84"]
[EventDate "2020.02.21"]
[EventType "swiss"]
[EventRounds "3"]
[EventCountry "ITA"]

1. e4 c5 2. Nf3 g6 3. d4 cxd4 4. Qxd4 Nf6 5. Nc3 Nc6 6. Qa4 Ng4 7. Be2 Bg7 8. O-O O-O 9. h3 Nge5 10. Nxe5 Bxe5 11. Bh6 Bg7 12. Bxg7 Kxg7 13. Kh1 d6 14. Nd5 Bd7 15. Qb3 Nd4 16. Qc3 e5 17. Qd2 Qh4 18. f4 f5 19. c3 Nxe2 20. Qxe2 Rae8 21. Rae1 Bc6 22. c4 Bxd5 23. exd5 e4 24. Qe3 b6 25. Qa3 Qe7 26. Re3 Rc8 27. b3 Rf7 28. Qb2+ Qf6 29. Qd2 h6 30. a4 Rc5 31. Rg3 Kh7 32. Qe3 a6 33. b4 Rxc4 34. Qxb6 g5 35. a5 gxf4 36. Rxf4 Qe5 37. Qe3 Rxb4 38. Qf2 Rb1+ 39. Kh2 Qa1 40. Re3 Rh1+ 41. Kg3 Rg7+ 42. Rg4 Qe5+ 0-1

[Event "79.Santo Camp. Veneto Quarti di Finale"]
[Site "Padova ITA"]
[Date "2020.02.22"]
[Round "2.20"]
[White "Maione, Melissa"]
[Black "Giraldi, Edoardo"]
[Result "0-1"]
[WhiteElo "1955"]
[BlackElo "1739"]
[Annotator "Gabriele Ballarin"]
[PlyCount "102"]
[EventDate "2020.02.21"]
[EventType "swiss"]
[EventRounds "3"]
[EventCountry "ITA"]

1. e4 c5 2. Nf3 e6 3. d4 cxd4 4. Nxd4 a6 5. Bd3 Bc5 6. Nb3 Ba7 7. Nc3 Nc6 8. O-O Nf6 9. Re1 d6 10. Be3 Bxe3 11. Rxe3 O-O 12. a3 b5 13. Nd2 Bb7 14. Nf1 Ne5 15. Be2 Qc7 16. Ng3 Rfd8 17. f4 Qb6 18. Nf1 Ng6 19. Bd3 Nxf4 20. Qf3 Nxd3 21. cxd3 d5 22. exd5 Nxd5 23. Nxd5 Bxd5 24. Qg3 Rac8 25. Rd1 Rc2 26. Rd2 Rxd2 27. Nxd2 Rc8 28. Kf1 Qd4 29. b4 f5 30. Re1 f4 31. Qh3 Rf8 32. Ne4 e5 33. Ng5 h6 34. Ne6 Bxe6 35. Qxe6+ Kh8 36. Qxe5 Qxd3+ 37. Kg1 f3 38. gxf3 Qxf3 39. Qc5 Qg4+ 40. Kh1 Rd8 41. Qf2 Rd1 42. Rxd1 Qxd1+ 43. Kg2 Qg4+ 44. Kh1 Qe4+ 45. Kg1 Qg6+ 46. Kf1 Qf6 47. Ke2 Qxf2+ 48. Kxf2 g5 49. Ke3 Kg7 50. Ke4 Kf6 51. Kf3 Kf5 0-1

[Event "79.Santo Camp. Veneto Quarti di Finale"]
[Site "Padova ITA"]
[Date "2020.02.22"]
[Round "2.21"]
[White "Lantini, Marco"]
[Black "Andreose, Pietro"]
[Result "1-0"]
[WhiteElo "2059"]
[BlackElo "1420"]
[Annotator "Gabriele Ballarin"]
[PlyCount "67"]
[EventDate "2020.02.21"]
[EventType "swiss"]
[EventRounds "3"]
[EventCountry "ITA"]

1. Nf3 g6 2. b3 Bg7 3. d4 d6 4. Bb2 c5 5. e3 Nc6 6. Be2 a6 7. O-O b5 8. Nbd2 e6 9. a4 b4 10. Nc4 d5 11. dxc5 Bxb2 12. Nxb2 e5 13. e4 dxe4 14. Qxd8+ Kxd8 15. Ng5 Ke7 16. Bc4 Nh6 17. Nxe4 Be6 18. Bxe6 Kxe6 19. Rfe1 Nd4 20. Rac1 f6 21. Nd3 a5 22. f4 Nf7 23. fxe5 fxe5 24. Nd2 Rad8 25. Nc4 Nxc2 26. Nf4+ Kf5 27. Rxc2 exf4 28. Re7 Rd1+ 29. Kf2 Ng5 30. Nd6+ Kf6 31. Rce2 Rd8 32. h4 Rd3 33. hxg5+ Kxg5 34. Nf7+ 1-0

[Event "79.Santo Camp. Veneto Quarti di Finale"]
[Site "Padova ITA"]
[Date "2020.02.22"]
[Round "2.25"]
[White "Solinas, Carlo"]
[Black "Madiai, Filippo"]
[Result "1-0"]
[WhiteElo "1943"]
[BlackElo "1779"]
[Annotator "Gabriele Ballarin"]
[PlyCount "107"]
[EventDate "2020.02.21"]
[EventType "swiss"]
[EventRounds "3"]
[EventCountry "ITA"]

1. e4 c5 2. d4 cxd4 3. c3 Nf6 4. e5 Nd5 5. Bc4 Nb6 6. Bb3 Nc6 7. Nf3 d6 8. cxd4 e6 9. exd6 Bxd6 10. O-O O-O 11. Nc3 Na5 12. Bc2 Bd7 13. Bxh7+ Kh8 14. Bd3 Nac4 15. Ng5 g6 16. Qg4 Kg7 17. Nxf7 Qf6 18. Nxd6 Nxd6 19. Bg5 Qf7 20. Qg3 Nf5 21. Qe5+ Kh7 22. Ne4 Nd5 23. Bd2 Kg8 24. g4 Nfe7 25. Ng5 Qf6 26. Qe4 Nf4 27. Bxf4 Qxf4 28. Nh3 Qf3 29. Ng5 Qf4 30. h4 Rf6 31. Rad1 Raf8 32. Be2 Qd6 33. Qe5 Qb4 34. Ne4 Rf4 35. Qc5 Nd5 36. Qxb4 Nxb4 37. Nc5 Bc8 38. Nb3 Bd7 39. a3 Nd5 40. Nc5 Bc8 41. Rd3 b6 42. Nb3 Ba6 43. Rd2 Bxe2 44. Rxe2 Rxg4+ 45. Kh2 Rxh4+ 46. Kg3 Rff4 47. f3 Kf7 48. Re4 g5 49. Nc1 Rh6 50. Nd3 Rf5 51. Ne5+ Ke7 52. Ng4 Rg6 53. Rh1 Nf6 54. Re3 1-0

[Event "79.Santo Camp. Veneto Quarti di Finale"]
[Site "Padova ITA"]
[Date "2020.02.22"]
[Round "2.26"]
[White "Rosina, Graziano"]
[Black "Bordin, Silvia"]
[Result "0-1"]
[WhiteElo "1777"]
[BlackElo "1943"]
[Annotator "Gabriele Ballarin"]
[PlyCount "108"]
[EventDate "2020.02.21"]
[EventType "swiss"]
[EventRounds "3"]
[EventCountry "ITA"]

1. Nf3 d5 2. d4 e6 3. Bf4 Nf6 4. e3 c5 5. c3 Bd6 6. Bg3 Nc6 7. Nbd2 O-O 8. Bd3 b6 9. O-O Qc7 10. Bb5 Bb7 11. Re1 a6 12. Bxc6 Bxc6 13. Ne5 Bb7 14. Rc1 c4 15. Ng4 Nd7 16. Bxd6 Qxd6 17. f4 b5 18. a3 a5 19. Ne5 Nxe5 20. fxe5 Qe7 21. Qc2 Rfc8 22. Ra1 h6 23. h3 b4 24. axb4 axb4 25. cxb4 Qxb4 26. Qc3 Qb6 27. b3 Qc6 28. b4 Qb5 29. Ra5 Rxa5 30. bxa5 Ra8 31. Rb1 Qa6 32. Rb6 Qa7 33. Qb4 Bc8 34. Rc6 Ba6 35. Qc5 Qb7 36. Rb6 Qc8 37. Nb1 g6 38. Nc3 Kg7 39. Na4 Qd7 40. Qb4 Bc8 41. Nc5 Qc7 42. Na4 Qa7 43. Rb5 Bd7 44. Nb6 Bxb5 45. Nxa8 Qxa8 46. Qxb5 Qc8 47. Qb2 Qc6 48. Kh2 Qa4 49. Qd2 Qa3 50. e4 c3 51. Qc2 Qxa5 52. exd5 exd5 53. e6 fxe6 54. Qe2 Qc7+ 0-1

[Event "79.Santo Camp. Veneto Quarti di Finale"]
[Site "Padova ITA"]
[Date "2020.02.22"]
[Round "2.27"]
[White "Pento, Carlo"]
[Black "Scagliarini, Lara"]
[Result "0-1"]
[WhiteElo "1734"]
[BlackElo "1915"]
[Annotator "Gabriele Ballarin"]
[PlyCount "82"]
[EventDate "2020.02.21"]
[EventType "swiss"]
[EventRounds "3"]
[EventCountry "ITA"]

1. e4 c5 2. Nf3 Nc6 3. Bc4 e6 4. Nc3 a6 5. a4 Qc7 6. d3 Nf6 7. O-O Be7 8. Re1 d6 9. h3 O-O 10. Bf4 e5 11. Bg5 Rb8 12. Bxf6 Bxf6 13. Nd5 Qd8 14. Nh2 b5 15. axb5 axb5 16. Ba2 Kh8 17. c3 Bg5 18. Ng4 f5 19. exf5 Bxf5 20. Nge3 Bd7 21. Bb1 Qe8 22. Qc2 Qg6 23. Qe2 Qf7 24. Ra6 Ra8 25. Rxa8 Rxa8 26. Nb6 Rd8 27. Nxd7 Bxe3 28. fxe3 Qxd7 29. Rf1 Qe7 30. Qf3 d5 31. Ba2 c4 32. dxc4 bxc4 33. e4 Qc5+ 34. Kh1 d4 35. Bxc4 Qxc4 36. Qf8+ Rxf8 37. Rxf8+ Qg8 38. Rxg8+ Kxg8 39. cxd4 exd4 40. Kg1 Kf7 41. Kf2 Ke6 0-1

[Event "79.Santo Camp. Veneto Quarti di Finale"]
[Site "Padova ITA"]
[Date "2020.02.22"]
[Round "2.28"]
[White "Muraro, Alberto"]
[Black "Rossi, Gianni"]
[Result "1-0"]
[WhiteElo "1897"]
[BlackElo "1684"]
[Annotator "Gabriele Ballarin"]
[PlyCount "71"]
[EventDate "2020.02.21"]
[EventType "swiss"]
[EventRounds "3"]
[EventCountry "ITA"]

1. e4 Nf6 2. e5 Nd5 3. Bc4 e6 4. Nf3 Nb6 5. Bb3 d5 6. d4 c5 7. c3 Be7 8. O-O Nc6 9. Be3 cxd4 10. cxd4 O-O 11. Nc3 f6 12. Bc2 fxe5 13. Nxe5 Nxe5 14. dxe5 Nc4 15. Qd3 g6 16. Bh6 Nxe5 17. Qg3 Bd6 18. Bxf8 Qxf8 19. Nb5 Bb8 20. Rac1 Nc4 21. Qh4 Bd7 22. Nc3 Bf4 23. Rcd1 Bc6 24. Rd3 g5 25. Qg4 Qf5 26. Qxf5 exf5 27. Nxd5 Nxb2 28. Nxf4 gxf4 29. Bb3+ Kg7 30. Rd2 Na4 31. Rd4 Nc3 32. Re1 f3 33. gxf3 Bxf3 34. Rd3 Ne2+ 35. Kf1 Bg2+ 36. Kxe2 1-0

[Event "79.Santo Camp. Veneto Quarti di Finale"]
[Site "Padova ITA"]
[Date "2020.02.22"]
[Round "2.29"]
[White "Fiscato, Claudio"]
[Black "Pizzoferrato, Mattia"]
[Result "0-1"]
[WhiteElo "1688"]
[BlackElo "1894"]
[Annotator "Gabriele Ballarin"]
[PlyCount "56"]
[EventDate "2020.02.21"]
[EventType "swiss"]
[EventRounds "3"]
[EventCountry "ITA"]

1. e4 c5 2. Nf3 d6 3. d4 cxd4 4. Nxd4 Nf6 5. Nc3 a6 6. Be3 e6 7. Be2 Be7 8. O-O O-O 9. f4 Nbd7 10. Bf3 Qc7 11. Kh1 Rb8 12. Nb3 b5 13. a3 Bb7 14. Qe1 Nc5 15. Nd2 Rbd8 16. Qf2 e5 17. Rad1 Rfe8 18. f5 d5 19. exd5 Nxd5 20. Nxd5 Bxd5 21. Be2 Qc6 22. c4 bxc4 23. Bxc4 Ne4 24. Qe2 Nxd2 25. Bxd5 Rxd5 26. Rxd2 Red8 27. Rfd1 Rxd2 28. Rxd2 Qc1+ 0-1

[Event "79.Santo Camp. Veneto Quarti di Finale"]
[Site "Padova ITA"]
[Date "2020.02.22"]
[Round "2.30"]
[White "Rotondaro, Alberto"]
[Black "Bosio, Andrea"]
[Result "1/2-1/2"]
[WhiteElo "1893"]
[BlackElo "1656"]
[Annotator "Gabriele Ballarin"]
[PlyCount "62"]
[EventDate "2020.02.21"]
[EventType "swiss"]
[EventRounds "3"]
[EventCountry "ITA"]

1. e4 e5 2. Nf3 Nc6 3. Bc4 Bc5 4. c3 Nf6 5. d3 d6 6. Bb3 a6 7. h3 Ba7 8. Nbd2 O-O 9. Nf1 h6 10. Ng3 Re8 11. Qe2 Be6 12. O-O d5 13. Rd1 Qe7 14. Nh4 Rad8 15. Ngf5 Qf8 16. Be3 d4 17. Bc1 Ne7 18. Qf3 Nxf5 19. Nxf5 Nh7 20. Qg3 Kh8 21. Qf3 Rd7 22. Ng3 Red8 23. c4 c5 24. Bc2 Bb8 25. Kh1 Bd6 26. Rg1 Be7 27. Ne2 Bg5 28. g4 Qe7 29. Qg2 Qf6 30. Ng3 g6 31. Rf1 Bf4 1/2-1/2

[Event "79.Santo Camp. Veneto Quarti di Finale"]
[Site "Padova ITA"]
[Date "2020.02.22"]
[Round "2.31"]
[White "Gomirato, Anna"]
[Black "Piangerelli, Michele"]
[Result "0-1"]
[WhiteElo "1666"]
[BlackElo "1890"]
[Annotator "Gabriele Ballarin"]
[PlyCount "113"]
[EventDate "2020.02.21"]
[EventType "swiss"]
[EventRounds "3"]
[EventCountry "ITA"]

1. e4 c5 2. Nf3 e6 3. d4 cxd4 4. Nxd4 Nf6 5. Nc3 Nc6 6. Be3 Bb4 7. Bd3 d5 8. exd5 Nxd5 9. Nxc6 bxc6 10. Bd2 Nxc3 11. bxc3 Bd6 12. O-O O-O 13. Qh5 g6 14. Qf3 Qc7 15. h3 Bb7 16. Rab1 Rab8 17. Be3 c5 18. Be4 Ba6 19. Bd3 Rxb1 20. Rxb1 Bxd3 21. cxd3 Qa5 22. g3 Qxc3 23. Bh6 c4 24. Bxf8 Kxf8 25. Rd1 Kg7 26. Qe2 a5 27. dxc4 Bc5 28. Qd3 Qb2 29. Rd2 Qe5 30. Re2 Qc7 31. Qc3+ Kg8 32. Rd2 Bb4 33. Qd3 Bxd2 34. Qxd2 Qb6 35. Qc2 Qc5 36. Qa4 Kf8 37. Qb3 Ke7 38. Kf1 Kd6 39. h4 Qb4 40. Ke2 Kc5 41. Kd3 e5 42. Ke3 Qxc4 43. Qa3+ Qb4 44. Qc1+ Kd5 45. Qh1+ Kc5 46. Qc1+ Kb5 47. Qf1+ Ka4 48. Qd1+ Ka3 49. Qd3+ Kxa2 50. Qc2+ Ka3 51. Qc1+ Ka4 52. Qc6+ Qb5 53. Qe4+ Ka3 54. Kf3 f5 55. Qe1 Qd3+ 56. Qe3 Qxe3+ 57. Kxe3 0-1

[Event "79.Santo Camp. Veneto Quarti di Finale"]
[Site "Padova ITA"]
[Date "2020.02.22"]
[Round "2.32"]
[White "Sottroi, Carlo"]
[Black "Benedetti, Michele"]
[Result "0-1"]
[WhiteElo "1630"]
[BlackElo "1871"]
[Annotator "Gabriele Ballarin"]
[PlyCount "94"]
[EventDate "2020.02.21"]
[EventType "swiss"]
[EventRounds "3"]
[EventCountry "ITA"]

1. d4 Nf6 2. Nf3 g6 3. Bf4 Bg7 4. h3 d6 5. e3 O-O 6. Bd3 Nbd7 7. O-O Qe8 8. Bh2 e5 9. Nfd2 e4 10. Be2 Qe7 11. c3 Ne8 12. Re1 Kh8 13. b4 f5 14. a4 g5 15. Qc2 Ndf6 16. c4 h5 17. Nc3 c6 18. a5 Be6 19. Rab1 Bf7 20. b5 c5 21. dxc5 dxc5 22. Red1 Rd8 23. Nb3 Nc7 24. Rxd8 Rxd8 25. Rd1 Rxd1+ 26. Qxd1 Nce8 27. Na4 Nd7 28. Nd2 Ndf6 29. Nb3 Nd7 30. Nd2 g4 31. hxg4 hxg4 32. Nb1 Be5 33. Bf4 Bxf4 34. exf4 e3 35. Qd3 exf2+ 36. Kxf2 Ng7 37. g3 Nf6 38. Nbc3 Nfe8 39. Qe3 Qxe3+ 40. Kxe3 Ne6 41. Nd5 Kg7 42. Bd3 Nd6 43. Ndc3 Kf8 44. Ne2 Ke8 45. Nc1 Nc7 46. Nxc5 Nxc4+ 47. Kd4 Nxb5# 0-1